Tour du monde en 20 questions ! [Moyen] - Statistiques

Statistiques générales
  • Ce quiz a été pris 66 fois
  • Le résultat moyen est 15 sur 20
Statistiques - réponses
Question Réponse % Correct
En quelle année a eu lieu la Révolution française ? 1789
97%
Quel est le sport le plus pratiqué au monde ? Football
95%
Qui a peint la Joconde ? Léonard de Vinci
95%
Quel pays a la plus grande superficie du monde ? Russie
95%
Quelle est la monnaie du Royaume-Uni ? Livre Sterling
93%
Combien de dents possède un adulte ? 32
88%
Quel est le livre le plus vendu au monde ? La Bible
88%
Dans quelle ville se trouve le Kremlin ? Moscou
83%
Quelle est la capitale de la Nouvelle-Zélande ? Wellington
82%
En quelle année l'homme a-t-il marché sur la Lune ? 1969
80%
Quel est le plus grand mammifère terrestre ? Éléphant d'Afrique
78%
Quelle est la 3e ville d'Allemagne (en nombre d'habitants) Munich
77%
Quel pays a inventé les pâtes ? Chine
72%
Qui a composé la 5ème symphonie ? Beethoven
70%
Combien de chromosomes a l'être humain ? 46
68%
Quelle est la religion la plus pratiquée au monde ? Christianisme
68%
Quel gaz les plantes absorbent-elles ? CO2
67%
Quel est l'élément chimique le plus abondant dans l'univers ? Hydrogène
55%
Quelle est la vitesse de la lumière (km/s) ? 300 000
42%
Quelle est la devise des Jeux Olympiques ? Citius, Altius, Fortius
3%
Aucun quiz correspondant
Distribution des résultats
% des personnes avec chaque résultat
Percentile par nombre de réponses
Votre historique - résultats
Vous n’avez pas pris ce quiz